000 00443nab a2200145Ia 4500
003 ES-SlBCS
005 20210601131827.0
008 140529s1950 xxu||||| |||| 00| 0 fre d
041 _afre
100 1 _aVilloteau, Pierre
_9188675
245 0 0 _aChances, risques et privilèges de l'art sacré
_c Pierre Villoteau
650 0 4 _aArte Sacro
_9128401
773 0 _tVie Spirituelle (La)
_gvol. 82, nº. 347, 1950, págs. 74-78
_wRev496
942 _cAR
999 _c569514
_d569514